|
|
|
|
| LEADER |
00000nam a22000007a 4500 |
| 005 |
20170622001434.0 |
| 007 |
cr|||| |||| |
| 008 |
170622s2017 br |||||s|||| 00||0 por d |
| 020 |
|
|
|a 978-85-63265-83-8
|
| 035 |
|
|
|a 20366
|
| 040 |
|
|
|a vLex
|
| 090 |
|
|
|c 6787
|d 6787
|
| 100 |
1 |
|
|a Falcô, Joaquim
|
| 245 |
1 |
0 |
|a V Relatr̤io Supremo em Nm︢eros
|h [Recurso electrn̤ico] :
|b O Foro Privilegiado e o Supremo /
|c Joaquim Falcô, Ivar Hartmann A.
|
| 256 |
|
|
|a Servicio en ln̕ea
|
| 260 |
|
|
|a Rio de Janeiro:
|b FGV - Direito Rio,
|c 2017
|
| 300 |
|
|
|a 1 recurso electrn̤ico
|
| 490 |
|
0 |
|a Novas ideias em direito: Resultados de pesquisa
|
| 500 |
|
|
|a A importńcia do combate ̉corrupȯ̂, especialmente no mais alto escalô do Executivo e do Legislativo e a percepȯ̂ popular de corrupȯ̂ generalizada, associada ̉sensaȯ̂ de impunidade com relaȯ̂ aos crimes de colarinho branco no Brasil – e, em particular, com relaȯ̂ aos crimes contra a administraȯ̂ pb︢lica, tm̊ motivado discusse̳s na sociedade civil, na academia, na md̕ia, nas redes sociais e na polt̕ica, em ḿbito nacional, acerca da convenin̊cia e eficin̊cia do foro privilegiado. Estudos empr̕icos sobre a atuaȯ̂ dos tribunais brasileiros no julgamento de casos do foro privilegiado sô escassos. A falta de estudos empr̕icos – sobretudo de natureza quantitativa – com base na realidade brasileira faz com que os debates assumam um cart̀er de importaȯ̂ de modelos ou altamente ideologizado. A questô, portanto, :̌ na prt̀ica, como se d ̀o processamento e julgamento de pessoas com foro privilegiado? Neste breve estudo, nosso objetivo ̌contribuir com dados empr̕icos quantitativos para responder essa pergunta com relaȯ̂ ̉atuaȯ̂ do Supremo Tribunal Federal. Nô temos por objetivo levantar dados sobre a tramitaȯ̂ de crimes similares em outros tribunais ou na 1® instńcia, assim como tambm̌ nô realizamos quaisquer comparaė̳s entre essas instńcias e o Supremo ou com experin̊cias internacionais e a brasileira.
|
| 506 |
1 |
|
|a Disponible solo en los productos indicados
|d vLex Global
|d vLex Global (Academic Edition, excluding Law Schools)
|d vLex Global (U.S. Academic Edition, Law Schools)
|d vLex Global (U.S. Academic Edition, excluding Law Schools)
|d vLex Global (Academic Edition, Law Schools)
|
| 650 |
0 |
4 |
|a Derecho Constitucional
|z Brasil
|
| 700 |
1 |
|
|a Hartmann A., Ivar
|
| 740 |
0 |
|
|a vLex Libros (Servicio en ln̕ea)
|
| 856 |
4 |
0 |
|u http://vlex.com/source/v-relatorio-supremo-em-numeros-o-foro-privilegiado-e-o-supremo-20366
|z Acceso restringido
|
| 942 |
|
|
|c BOOK
|
| 999 |
0 |
|
|a Constitutional right
|